Warszawa A-Ż - Statystyki

Ogólne statystyki
  • Ten quiz został rozwiązany 284 razy
  • Średni wynik to 19 z 26
Statystyki odpowiedzi
Wskazówka Odpowiedź % Poprawnych
C Największe lotnisko w Warszawie Lotnisko {Chopina}
97%
A Autostrada przebiegająca przez Warszawę A2
95%
M Województwo, w którym leży Warszawa Mazowieckie
92%
W Największa rzeka, która przepływa przez to miasto Wisła
91%
L Klub piłkarski, najpopularniejszy w Polsce {Legia} Warszawa
90%
R Jeden z pierwiastków wynalezionych przez Marią Skłodowską-Curie Rad
89%
N Największy stadion w Polsce Stadion {Narodowy}
89%
S Postać, która pojawia się w herbie Warszawy {Syrenka} Warszawska
89%
I Jak nazywa się słynna tenisistka urodzona w Warszawie, której imię zaczyna się na literę I? Iga Świątek
87%
T Nazwisko Prezydenta tego miasta Trzaskowski
87%
G Jak nazywało się miejsce życia Żydów w Warszawie podczas II wojny światowej? Getto
85%
Z Nazwa niedawno wyremontowanego dworca kolejowego w Warszawie Warszawa {Zachodnia}
81%
Ż Najmniejsza powierzchniowo dzielnica Warszawy Żoliborz
77%
B Tablica rejestracyjna tej dzielnicy to WB Bemowo
76%
U Pakt, który został podpisany w Warszawie w 1955r. {Układ} Warszawski
74%
O Osiedle, w którym znajduje się największe lotnisko Warszawy. Okęcie
73%
Ł Zespół pałacowo-ogrodowy w mieście, założony przez Stanisława Augusta Poniatowskiego Łazienki Królewskie
72%
J Kto był pomysłodawcą Pałacu Kultury i Nauki w Warszawie, którego imię zaczyna się na literę J? Józef Stalin
68%
K Nazwa lasu pod Warszawą w którym doszło do największej katastrofy lotniczej w Polsce Las {Kabacki}
67%
V Największy budynek Unii Europejskiej Varso Tower
64%
H Prezydent Warszawy z lat 2006 - 2018 Hanna Gronkiewicz-Waltz
63%
D Jak nazywa się plac, który znajduje się przy Pałacu Kultury i Nauki? plac. {Defilad}
57%
Ś Most, który przebiega przez Drogę Wojewódzką nr. 629 Most {Śląsko}-{Dąbrowski}
40%
E Pierwotna nazwa Warszawskiej Kolei Dojazdowej {Elektryczne} Koleje Dojazdowe
38%
P Nazwa parku na pograniczu trzech dzielnic: Mokotowa, Ochoty i Śródmieścia Pole Mokotowskie
37%
F Od kogo pochodzi nazwa muzeum znajdującego się przy ulicy Tamka w Warszawie, którego imię zaczyna się na literę F? Fryderyka Chopina
32%
Nie znaleziono quizów pasujących do podanych kryteriów
Rozkład punktacji
Procent ludzi z każdym wynikiem
Percentyl według liczby udzielonych odpowiedzi
Twoja historia wyników
Nie rozwiązałeś tego quizu